000 00591cam a2200217 4500500
005 20260405001748.0
041 _afre
042 _adc
100 1 0 _aM’Bondjo, Maud
_eauthor
245 0 0 _aMission impensable / Juin 2014
260 _c2014.
500 _a47
690 _aAction
690 _aAgir
690 _aLaozi
690 _aTao
690 _aTaoïsme
690 _aVoie
786 0 _nPhilosophie magazine | 80 | 6 | 2014-06-01 | p. 40-40 | 1951-1787
856 4 1 _uhttps://shs.cairn.info/magazine-philosophie-magazine-2014-6-page-40?lang=fr&redirect-ssocas=7080
999 _c2050811
_d2050811